Normal view MARC view
  • Arias Galicia, L. Fernando

Entry Nombre Personal

Number of records used in: 26

001 - NUMERO DE CONTROL

  • campo de control: 28747

003 - IDENTIFICADOR DE NUMERO DE CONTROL

  • campo de control: DLC

005 - FECHA Y HORA DE LA ÜLTIMA TRANSACCIÓN

  • campo de control: 20220329085549.0

008 - DATOS DE LONGITUD FIJA

  • campo de control de longitud fija: 220329n| azannaabn |a aaa c

010 ## - NÚMERO DE CONTROL DE LA BIBLIOTECA DEL CONGRESO

  • Número de control LC: no2007153890
  • Número de Control LC Cancelado/inválido: n 88622791
  • Número de Control LC Cancelado/inválido: no2017063831

035 ## - NUMERO DE CONTROL

  • Número de control: (OCoLC)oca07607671

040 ## - FUENTE DE CATALOGACIÓN

  • Agencia original de catalogación: MX-SlUA
  • Lenguaje de catalogación: spa
  • Description conventions: rda
  • Agencia de transcripción: MX-SlUA
  • Agencia que lo modifica: MX-SlUA
  • Agencia que lo modifica: DLC
  • Agencia que lo modifica: CSt
  • Agencia que lo modifica: DLC
  • Agencia que lo modifica: MX-MxUPN

100 1# - ENCABEZAMIENTO - NOMBRE PERSONAL

  • Nombre personal: Arias Galicia, L. Fernando

370 ## - LUGAR ASOCIADO

  • Other associated place: Berkeley (California)
  • Other associated place: Ciudad de México (México)
  • Fuente del término: naf

371 ## - DIRECCIÓN

  • Electronic mail address: ariasgalicia1969@prodigy.net.mx
  • Electronic mail address: ariasgalicia1969@gmail.com

372 ## - CAMPO DE ACTIVIDAD

  • Field of activity: Negocios
  • Field of activity: Psicología
  • Field of activity: Enseñanza
  • Fuente del término: lcsh

373 ## - GRUPO ASOCIADO

  • Associated group: University of California, Berkeley
  • Associated group: Universidad Nacional Autónoma de México
  • Fuente del término: naf

374 ## - OCUPACIÓN

  • Occupation: Ejecutivo
  • Occupation: Psicólogo
  • Occupation: Profesor
  • Fuente del término: lcsh

375 ## - GÉNERO

  • Gender: masculino

377 ## - LENGUA ASOCIADA

  • Language code: spa

378 ## - FORMA COMPLETA DE NOMBRE PERSONAL

  • Fuller form of personal name: Luis Fernando

400 1# - VEÁSE - NOMBRE DE PERSONA

  • Personal name: Galicia, L. Fernando Arias

400 1# - VEÁSE - NOMBRE DE PERSONA

  • Personal name: Arias Galicia, Fernando

400 1# - VEÁSE - NOMBRE DE PERSONA

  • Personal name: Galicia, Fernando Arias

400 1# - VEÁSE - NOMBRE DE PERSONA

  • Control subfield: nne
  • Personal name: Arias Galicia, Luis Fernando

670 ## - FUENTE EN LA QUE SE LOCALIZARON DATOS

  • Cita de la fuente: Administración de recursos humanos, 2006:
  • Información localizada: portada (L. Fernando Arias Galicia)

670 ## - FUENTE EN LA QUE SE LOCALIZARON DATOS

  • Cita de la fuente: Administración de recursos humanos: para el alto desempeño, 1999:
  • Información localizada: portada (L. Fernando Arias Galicia) solapa (Fernando Arias Galicia)

670 ## - FUENTE EN LA QUE SE LOCALIZARON DATOS

  • Cita de la fuente: Arias Galicia, Luis Fernando. Los salarios y el compromiso de los trabajadores, 2015:
  • Información localizada: portada (Luis Fernando Arias Galicia) solapa delantera (Master of business administration degree from University of California, Berkeley; Ph. D. degree in psychology from Universidad Nacional Autónoma de México; executive, teacher)

670 ## - FUENTE EN LA QUE SE LOCALIZARON DATOS

  • Cita de la fuente: Calidad de vida en las organizaciones, las familias y la sociedad, 2017:
  • Información localizada: portada (L. Fernando Arias Galicia) página 711 (MBA from Univ. of Calif., Berkeley; doctorates in psychology and in sciences of administration from UNAM; electronic mail adresses: ariasgalicia1969@prodigy.net.mx and ariasgalicia1969@gmail.com)